000 00259nam a22001217a 4500
008 180207b xxu||||| |||| 00| 0 eng d
041 _aeng
080 _a617
100 _a8
101 _aORT
245 _aClinical orthopeadics
_cPalma,A.F
942 _2udc
_cBK
999 _c42026
_d42026